000 00321nam a2200145Ia 4500
008 191201s2019 xx 000 0 und d
020 _a9789353066697
082 _a006.31 DUM
100 _aDUTT, Saikat
245 0 _aMachine Learning
260 _bPearson
300 _a428
650 _aB.Tech(CSE)
942 _2ddc
_cBK
999 _c6869
_d6869